Наши авторы; Инженерное образование; № 18

Dettagli Bibliografici
Parent link:Инженерное образование: электронный научный журнал/ Ассоциация инженерного образования России (АИОР).— : [Б. и.], 2003-.— 1810-2883
№ 18.— 2015.— [С. 148-151]
Riassunto:Заглавие с титульного листа
Lingua:russo
Pubblicazione: 2015
Soggetti:
Accesso online:https://old.aeer.ru/files/io/m18/authors.pdf
Natura: MixedMaterials Elettronico Capitolo di libro
KOHA link:https://koha.lib.tpu.ru/cgi-bin/koha/opac-detail.pl?biblionumber=557817

MARC

LEADER 00000naa2a2200000 4500
001 557817
005 20250520132258.0
035 |a (RuTPU)RU\TPU\prd\252338 
035 |a RU\TPU\prd\252337 
090 |a 557817 
100 |a 20160216a2015 k y0rusy50 ca 
101 0 |a rus 
102 |a RU 
135 |a drcn ---uucaa 
181 0 |a i  
182 0 |a b 
200 1 |a Наши авторы  |b Электронный ресурс 
203 |a Текст  |c электронный 
215 |a 1 файл (110 Кб) 
230 |a Электронные текстовые данные (1 файл : 110 Кб) 
300 |a Заглавие с титульного листа 
337 |a Adobe Reader 
461 1 |0 (RuTPU)RU\TPU\prd\176632  |x 1810-2883  |t Инженерное образование  |o электронный научный журнал  |f Ассоциация инженерного образования России (АИОР)  |n [Б. и.]  |d 2003- 
463 1 |0 (RuTPU)RU\TPU\prd\252291  |t № 18  |v [С. 148-151]  |d 2015 
610 1 |a инженерное образование 
610 1 |a электронный ресурс 
801 1 |a RU  |b 63413507  |c 20090623  |g PSBO 
801 2 |a RU  |b 63413507  |c 20180426  |g PSBO 
856 4 |u https://old.aeer.ru/files/io/m18/authors.pdf 
942 |c BK